000 00664cam a22002057a 4500
008 180718b1999 xxu||||| |||| 00| 0 eng d
020 _a9066951435
082 _aB11 N17
245 _aModernization, leadership, and participation: theoretical issues in development sociology
_cedited by Peter J. M. Nas and Patricio Silva
260 _aLeiden
_bLeiden Univ. Press
_c1999
300 _a214p.
440 _aStudies in social anthropology
650 _aSocial participation
650 _aPolitical participation
650 _aPolitical leadership
650 _aModernism
650 _aSocial change
700 _aSilva, Patricio
700 _aNas, Peter J.M.
999 _c391993
_d391993